000 00528nam a22001817a 4500
003 LK-CoMWRAF
005 20240315135432.0
008 240311b |||||||| |||| 00| 0 eng d
040 _aLK-CoMWRAF
_dLK-CoMWRAF
_eLK-CoMWRAF
041 _aeng
082 _a361.76
_bCEN
110 _aCentre for security analysis
245 _aShaping security perceptions
260 _aChennai:
_bCentre for security analysis
_c[2002]
650 _aNONPROFIT ORGANIZATIONS-India
650 _aSecurity analysis-Institutions-India
942 _cBK
999 _c4857
_d4857